000 00493nam a2200157 a 4500
005 20140412111308.0
008 010328s19uu xx 00 eng d
020 _a0-590-96392-9
050 _aTR(GS 398.2
_bG67 1997
100 _aGordh, Bill
245 _a15 easy folktale finger plays, grades K-1 :
_bwith cross-cultural activities /
_cby Bill Gordh.
260 _aJefferson City, MO :
_bScholastic Professional Books,
_c1997.
300 _a80 p.
650 _aFingerplays
999 _c103840
_d103840